Antony and Cleopatra Franchise - Statistics

General Stats
  • This quiz has been taken 12 times
  • The average score is 9 of 13
Answer Stats
Type Year Name Info % Correct
Play 1607 Antony and Cleopatra William Shakespeare
100%
Short Film 1908 Antony and Cleopatra Vitagraph Company of America
100%
Film 1913 Antony and Cleopatra Società Italiana Cines
100%
TV Play 1959 Antony and Cleopatra ABC
100%
Opera 1966 Antony and Cleopatra Samuel Barber
100%
Film 1972 Antony and Cleopatra Rank Organisation
100%
TV Film 1974 Antony and Cleopatra ITV
100%
Novel 2007 Antony and Cleopatra Colleen McCullough
100%
Non-Fiction Book 2010 Antony and Cleopatra Adrian Goldsworthy
100%
Play 2007 Roman Tragedies Toneelgroep Amsterdam
11%
Play 1619-1620 The False One John Fletcher / Philip Massinger
11%
Play 1677 All for Love John Dryden
0%
TV Mini-Series 1963 The Spread of the Eagle BBC
0%
No matching quizzes found
Score Distribution
Percent of People with Each Score
Percentile by Number Answered
Your Score History
You have not taken this quiz